Lời ru trên mặt đất Thơ
Thơ XQ đa phần phản ánh rất thành công cuộc đời thường, nhất là tình cảm gia đình: tình mẹ con, chồng vợ. Nhiều bài thơ của Bà đã được phổ nhạc.
שמור ב:
| מחבר ראשי: | |
|---|---|
| פורמט: | ספר |
| שפה: | Undetermined |
| יצא לאור: |
Hà Nội
Tác phẩm mới
1978
|
| נושאים: | |
| תגים: |
הוספת תג
אין תגיות, היה/י הראשונ/ה לתייג את הרשומה!
|
| Thư viện lưu trữ: | Trung tâm Học liệu Trường Đại học Cần Thơ |
|---|
| LEADER | 00790nam a2200205Ia 4500 | ||
|---|---|---|---|
| 001 | CTU_10776 | ||
| 008 | 210402s9999 xx 000 0 und d | ||
| 082 | |a 895.922133 | ||
| 082 | |b X502L | ||
| 100 | |a Xuân Quỳnh | ||
| 245 | 0 | |a Lời ru trên mặt đất | |
| 245 | 0 | |b Thơ | |
| 245 | 0 | |c Xuân Quỳnh | |
| 260 | |a Hà Nội | ||
| 260 | |b Tác phẩm mới | ||
| 260 | |c 1978 | ||
| 520 | |a Thơ XQ đa phần phản ánh rất thành công cuộc đời thường, nhất là tình cảm gia đình: tình mẹ con, chồng vợ. Nhiều bài thơ của Bà đã được phổ nhạc. | ||
| 650 | |a vietnamese poetry | ||
| 904 | |i Nguyễn Quang Điền, 961012 | ||
| 980 | |a Trung tâm Học liệu Trường Đại học Cần Thơ | ||